Historical Figures by Clue - Statistics

General Stats
  • This quiz has been taken 1,465 times
    1,444 since last reset
  • The average score is 18 of 30
Answer Stats
Hint Answer % Correct
German Physicist, Theory of Relativity, Crazy Hair Albert Einstein
97%
Emperor of France, Born in Corsica, Island of St. Helena Napoleon Bonaparte
92%
Communist Leader of China, Great Leap Forward, Cultural Revolution Mao Zedong
88%
Pharaoh of Egypt, Unraided Tomb, Akenhaten's Son Tutankhamun
88%
Florentian Inventor and Artist, Mona Lisa, Flying Machine Leonardo Da Vinci
87%
Prime Minister of the UK, Iron Lady, Conservative Margaret Thatcher
87%
King of England, Six Wives, Split from the Catholic Church Henry VIII
86%
Prime Minister of UK, World War 2, Victory Winston Churchill
85%
Macedonian King, Conquered Persia, Student of Aristotle Alexander III "the Great"
80%
American Activist, Refused to Give up her Seat, Montgomery Bus Boycott Rosa Parks
79%
Polish-French Chemist, Radium, X-Rays Marie Curie
77%
Prince of Wallachia, Dracula, Wooden Stakes Vlad III "the Impaler"
74%
Austrian Composer, Turkish March, Magic Flute Wolfgang Amadeus Mozart
72%
British Musician, Imagine, Across the Universe John Lennon
71%
Emperor of Japan, World War 2, Showa Hirohito
68%
Mongol Khan, Religiously Tolerant, Unmarked Grave Genghis Khan
67%
Russian Author, Love and Peace, Thirteen Children Leo Tolstoy
67%
Croatian Engineer, Alternating Current, Died Poor Nikola Tesla
62%
Emperor of the Franks, Founded Universities, Carolingian Charlemagne
61%
Emperor of Rome, Caesar, Second Triumvirate Augustus
55%
German Fighter Ace, World War 1, Flying Circus Manfred von Richthofen "Red Baron"
51%
American Physicist, Headed the Manhattan Project, "I Am Become Death" J. Robert Oppenheimer
46%
King of Persia, Second Invasion of Greece, Tore down Statue of Marduk Xerxes I
36%
Chinese General, Art of War, Killed Concubines Sun Tzu
33%
King of Scotland, War of Independence, Invasion of Ireland Robert I "the Bruce"
31%
Queen of England, Duchess of Aquitaine, Mother of Richard I, Eleanor of Aquitaine
29%
Queen of Carthage, Aeneas, Founder of Carthage Dido
25%
Athenian Statesman, Parthenon, Peloponnesian War Pericles
16%
Roman Physician, Antonine Plague, Circulatory System Galen
8%
Canadian Rebel Leader, Metis, Hanged for Treason Louis Riel
8%
No matching quizzes found
Score Distribution
Percent of People with Each Score
Percentile by Number Answered
Your Score History
You have not taken this quiz since the last reset